000 01474cam a22003974a 4500
001 1158706
003 OSt
005 20251011105711.0
008 020118s2002 nyua b 000 0 eng
010 _a 2002100914
020 _a9780374236434
020 _a0374236437
035 _a(OCoLC)49502279
040 _aDLC
_cDDC
_dIMP
_dDBI
_dVVC
041 0 _aeng
042 _apcc
_anlmcopyc
050 0 0 _aTP248.23
_b.F85 2002
060 0 0 _aTP 248.23
_bF961o 2002
082 0 0 _a660.6 FUK 2003.
100 1 _aFukuyama, Francis.
_913962
245 1 0 _aOur Posthuman Future :
_bconsequences of the biotechnology revolution
250 _a2st ed.
260 _aLondon;
_bFarrar, Straus and Giroux,
_c2003.
300 _axiii, 256 p. :
_bill. ;
_c24 cm.
336 _atext
_btxt
_2rdacontent
337 _aunmediated
_bn
_2rdamedia
338 _avolume
_bnc
_2rdacarrier
504 _aIncludes bibliographical references (p. 243-256).
505 0 _aA tale of two dystopias -- Sciences of the brain -- Neuropharmacology and the control of behavior -- The prolongation of life -- Genetic engineering -- Why we should worry -- Human rights -- Human nature -- Human dignity -- The political control of biotechnology -- How biotechnology is regulated today -- Policies for the future.
650 1 2 _aBiotechnology
_913963
650 2 2 _aGenetic Engineering
_913964
942 _2ddc
_cO_SHELF
947 _aCI96
998 _b20030203
999 _c6815
_d6815